[Event "BCF-ch U16"]
[Site "Torquay"]
[Date "2013.08.02"]
[Round "6.63"]
[White "Head, Louise"]
[Black "Mavinkurve, Anuj"]
[Result "1-0"]
[WhiteElo "1769"]
[BlackElo "1687"]
[PlyCount "47"]
[EventDate "2013.07.29"]
[EventType "swiss"]
[EventRounds "7"]
[EventCountry "ENG"]
[SourceTitle "EXT 2023"]
[Source "ChessBase"]
[SourceDate "2022.10.05"]
[SourceVersion "1"]
[SourceVersionDate "2022.10.05"]
[SourceQuality "1"]

1. d4 d5 2. c4 e6 3. Nf3 Nf6 4. Nc3 Be7 5. Bg5 0-0 6. e3 b6 7. Bd3 Nbd7 8. 0-0 Bb7 9. cxd5 exd5 10. Rc1 a6 11. Ne2 c5 12. Ng3 Ne4 13. Bxe7 Qxe7 14. Nf5 Qe6 15. g4 h5 16. N3h4 g6 17. Kh1 gxf5 18. Nxf5 Kh8 19. f3 hxg4 20. fxe4 dxe4 21. Be2 Nf6 22. Bxg4 Nxg4 23. Qxg4 Qf6 24. Qh5+ 1-0

[Event "BCF-ch U16"]
[Site "Torquay"]
[Date "2013.07.30"]
[Round "2"]
[White "Green, Michael"]
[Black "Mavinkurve, Anuj"]
[Result "0-1"]
[WhiteElo "1610"]
[BlackElo "1687"]
[PlyCount "74"]
[EventDate "2013.07.29"]
[EventType "swiss"]
[EventRounds "7"]
[EventCountry "ENG"]
[SourceTitle "EXT 2023"]
[Source "ChessBase"]
[SourceDate "2022.10.05"]
[SourceVersion "1"]
[SourceVersionDate "2022.10.05"]
[SourceQuality "1"]

1. e4 e5 2. f4 exf4 3. Bc4 Qh4+ 4. Kf1 Nc6 5. Nf3 Qh5 6. Nc3 Nge7 7. d4 d6 8. Bxf4 Bg4 9. Qd3 Bxf3 10. gxf3 0-0-0 11. Kf2 g5 12. Bg3 Bg7 13. Ne2 Rhf8 14. h4 g4 15. Nf4 Qa5 16. c3 gxf3 17. Qxf3 Kb8 18. Qd3 f5 19. Bd5 Nxd5 20. exd5 Ne7 21. Ne6 Qxd5 22. Nxd8 Rxd8 23. Bf4 Ng6 24. Qf3 Qb5 25. Kg3 d5 26. Rh2 Bf8 27. Kh3 Nxf4+ 28. Qxf4 Bd6 29. Qxf5 Bxh2 30. Kxh2 Qxb2+ 31. Kh3 Qxc3+ 32. Kg4 Qxd4+ 33. Kh5 Qxa1 34. Kh6 Qh8 35. a4 Rd6+ 36. Kh5 Qg8 37. a5 d4 0-1

[Event "BCF-ch U16"]
[Site "Torquay"]
[Date "2013.07.29"]
[Round "1"]
[White "Mavinkurve, Anuj"]
[Black "Mitra, Roman"]
[Result "1/2-1/2"]
[WhiteElo "1687"]
[BlackElo "1891"]
[PlyCount "66"]
[EventDate "2013.07.29"]
[EventType "swiss"]
[EventRounds "7"]
[EventCountry "ENG"]
[SourceTitle "EXT 2023"]
[Source "ChessBase"]
[SourceDate "2022.10.05"]
[SourceVersion "1"]
[SourceVersionDate "2022.10.05"]
[SourceQuality "1"]

1. e4 c5 2. Nf3 d6 3. d4 cxd4 4. Nxd4 Nf6 5. Nc3 a6 6. Be2 e5 7. Nf3 Be7 8. h3 0-0 9. 0-0 Nbd7 10. Be3 b5 11. a3 Bb7 12. Bd3 Qc7 13. Nd2 d5 14. exd5 Nxd5 15. Nxd5 Bxd5 16. Rc1 Qb7 17. f3 Nc5 18. Bxc5 Bxc5+ 19. Kh1 Be3 20. Qe2 Bf4 21. Rcd1 f5 22. c4 Bc6 23. Nb3 e4 24. fxe4 fxe4 25. Bc2 e3 26. Bd3 Qc8 27. Kg1 Rb8 28. Nd4 Rf6 29. cxb5 axb5 30. Rc1 Rb6 31. Be4 Qe8 32. Bxc6 Qe5 33. Nf3 Qf5 1/2-1/2

[Event "High Wycombe e2e4 op 10"]
[Site "High Wycombe"]
[Date "2012.10.13"]
[Round "2"]
[White "Mavinkurve, Anuj"]
[Black "Watson, Joe"]
[Result "1-0"]
[WhiteElo "1694"]
[BlackElo "1814"]
[PlyCount "41"]
[EventDate "2012.10.12"]
[EventType "swiss"]
[EventRounds "5"]
[EventCountry "ENG"]
[SourceTitle "EXT 2013"]
[Source "ChessBase"]
[SourceDate "2012.11.22"]
[SourceVersion "1"]
[SourceVersionDate "2012.11.22"]
[SourceQuality "1"]

1. e4 g6 2. d4 Bg7 3. Nf3 c5 4. c3 cxd4 5. cxd4 d5 6. exd5 Qxd5 7. Nc3 Qa5 8. Bc4 Nf6 9. Bd2 0-0 10. Rc1 Qd8 11. h3 Nc6 12. Be3 e6 13. 0-0 a6 14. Qd2 Qd6 15. Rfd1 Rd8 16. d5 Na5 17. Ne4 Nxc4 18. Rxc4 Nxe4 19. Rxe4 Qxd5 20. Qxd5 Rxd5 21. Rxd5 1-0

[Event "High Wycombe e2e4 Major op 03"]
[Site "High Wycombe"]
[Date "2012.03.18"]
[Round "5"]
[White "Liang, Jake Z"]
[Black "Mavinkurve, Anuj"]
[Result "1/2-1/2"]
[WhiteElo "1749"]
[BlackElo "1684"]
[PlyCount "105"]
[EventDate "2012.03.16"]
[EventType "swiss"]
[EventRounds "5"]
[EventCountry "ENG"]
[SourceTitle "EXT 2014"]
[Source "ChessBase"]
[SourceDate "2013.11.20"]
[SourceVersion "1"]
[SourceVersionDate "2013.11.20"]
[SourceQuality "1"]

1. d4 Nf6 2. c4 d5 3. Nc3 Bf5 4. Bg5 e6 5. e3 Bb4 6. Qb3 Nc6 7. a3 Bxc3+ 8. bxc3 Na5 9. Qa4+ c6 10. Nf3 Nxc4 11. Bxc4 dxc4 12. Qxc4 Be4 13. Bxf6 Qxf6 14. Qe2 Qg6 15. Nh4 Qg5 16. f3 Qxh4+ 17. g3 Bxf3 18. Qxf3 Qg5 19. Rb1 Rb8 20. 0-0 0-0 21. e4 c5 22. d5 exd5 23. exd5 b6 24. Rbd1 Qe7 25. d6 Qd7 26. Qf4 f6 27. Rfe1 Rfe8 28. Qc4+ Kf8 29. Rxe8+ Rxe8 30. Qd3 Re6 31. Kf2 h6 32. Qd5 Re5 33. Qd3 Qf5+ 34. Qxf5 Rxf5+ 35. Ke3 Re5+ 36. Kf4 Ke8 37. d7+ Kd8 38. h4 h5 39. Rd2 b5 40. Rd6 Re7 41. Rd5 g6 42. Rxc5 Rxd7 43. Rxb5 Rc7 44. Ra5 Rc4+ 45. Kf3 Rxc3+ 46. Kf4 Rc7 47. Ra6 Ke7 48. Ke4 Kf7 49. Kf4 Kg7 50. a4 Kh6 51. a5 f5 52. Rd6 Re7 53. Ra6 1/2-1/2

[Event "Gatwick e2e4 int op-B"]
[Site "Gatwick"]
[Date "2011.10.30"]
[Round "9"]
[White "Winter, Kevin"]
[Black "Mavinkurve, Anuj"]
[Result "1-0"]
[WhiteElo "1859"]
[BlackElo "1705"]
[PlyCount "119"]
[EventDate "2011.10.26"]
[EventType "swiss"]
[EventRounds "9"]
[EventCountry "ENG"]
[SourceTitle "EXT 2014"]
[Source "ChessBase"]
[SourceDate "2013.11.20"]
[SourceVersion "1"]
[SourceVersionDate "2013.11.20"]
[SourceQuality "1"]

1. e4 Nf6 2. e5 Nd5 3. d4 d6 4. exd6 cxd6 5. c4 Nb6 6. Nc3 g6 7. Bd3 Bg7 8. Be3 Nc6 9. Nge2 0-0 10. a3 f5 11. d5 Ne5 12. b3 Ng4 13. Bd4 Nf6 14. 0-0 e5 15. dxe6 Bxe6 16. Rb1 Nbd7 17. Nb5 Qb8 18. Bc2 a6 19. Nbc3 Ne5 20. Re1 Nc6 21. Be3 Ng4 22. Bf4 Be5 23. h3 Nf6 24. Qd2 Re8 25. Rbd1 Bf7 26. Be3 Qc7 27. Nf4 Rad8 28. Ncd5 Nxd5 29. Nxd5 Bxd5 30. Qxd5+ Qf7 31. Qxf7+ Kxf7 32. b4 Bb2 33. b5 axb5 34. cxb5 Ne5 35. a4 Kg7 36. Bb3 h5 37. Bd5 Re7 38. Bg5 Rdd7 39. Bxe7 Rxe7 40. f4 Bc3 41. Re2 Nc6 42. Rxe7+ Nxe7 43. Bxb7 Bb4 44. Bf3 Nc8 45. Rb1 Ba5 46. Rc1 Nb6 47. Rc6 d5 48. Rc7+ Kf6 49. Ra7 Bc3 50. Ra6 Bd4+ 51. Kf1 Ke7 52. a5 Nc4 53. b6 Ne3+ 54. Ke2 Kd7 55. Ra7+ Kc6 56. Rc7+ Kb5 57. Kd3 Bxb6 58. axb6 Kxb6 59. Kxe3 Kxc7 60. Bxd5 1-0

[Event "Gatwick e2e4 int op-B"]
[Site "Gatwick"]
[Date "2011.10.29"]
[Round "6"]
[White "Mavinkurve, Anuj"]
[Black "Baleani, Guido"]
[Result "1-0"]
[WhiteElo "1705"]
[BlackElo "1583"]
[PlyCount "55"]
[EventDate "2011.10.26"]
[EventType "swiss"]
[EventRounds "9"]
[EventCountry "ENG"]
[SourceTitle "EXT 2014"]
[Source "ChessBase"]
[SourceDate "2013.11.20"]
[SourceVersion "1"]
[SourceVersionDate "2013.11.20"]
[SourceQuality "1"]

1. e4 e5 2. Nf3 Nc6 3. d4 exd4 4. Bc4 Be7 5. Nxd4 Nf6 6. Nc3 0-0 7. 0-0 Ne5 8. Bb3 c6 9. f4 Ng6 10. e5 Ne8 11. Qe2 Bc5 12. Be3 Nc7 13. Kh1 Bxd4 14. Bxd4 d5 15. f5 Ne7 16. f6 Nf5 17. fxg7 Nxg7 18. Qf2 Nce6 19. Be3 b5 20. Bxa7 d4 21. Ne4 Rxa7 22. Nf6+ Kh8 23. Qh4 h5 24. Rf5 Nf4 25. Rxf4 d3 26. Qg5 Qxf6 27. exf6 Kh7 28. Qxg7# 1-0

[Event "Gatwick e2e4 int op-B"]
[Site "Gatwick"]
[Date "2011.10.27"]
[Round "3"]
[White "Coughlan, Anne"]
[Black "Mavinkurve, Anuj"]
[Result "0-1"]
[WhiteElo "1247"]
[BlackElo "1705"]
[PlyCount "100"]
[EventDate "2011.10.26"]
[EventType "swiss"]
[EventRounds "9"]
[EventCountry "ENG"]
[SourceTitle "EXT 2014"]
[Source "ChessBase"]
[SourceDate "2013.11.20"]
[SourceVersion "1"]
[SourceVersionDate "2013.11.20"]
[SourceQuality "1"]

1. d4 Nf6 2. Bf4 d5 3. Nf3 e6 4. e3 c5 5. c3 Nc6 6. Bd3 c4 7. Bc2 Qb6 8. Qc1 Be7 9. 0-0 0-0 10. Nbd2 Nh5 11. Bg3 Nxg3 12. hxg3 f5 13. Re1 Qd8 14. Rb1 Qe8 15. b3 cxb3 16. axb3 Rf6 17. Bd1 Rh6 18. Nh2 g5 19. g4 Bd6 20. Ndf3 Qe7 21. c4 Qc7 22. g3 f4 23. exf4 gxf4 24. g5 Rg6 25. Bc2 fxg3 26. Ng4 gxf2+ 27. Nxf2 Rg7 28. Qd1 dxc4 29. bxc4 Bd7 30. Ng4 Be7 31. Nh6+ Kh8 32. Qd2 Qg3+ 33. Qg2 Qxg2+ 34. Kxg2 Bxg5 35. Nxg5 Rxg5+ 36. Kf3 Rf8+ 37. Ke4 Rf6 38. Rh1 Rgg6 39. Rxb7 Be8 40. d5 exd5+ 41. cxd5 Rxh6 42. Rxh6 Rxh6 43. Rc7 Bg6+ 44. Ke3 Bxc2 45. Rxc6 Rxc6 46. dxc6 Bf5 47. Kf4 Bc8 48. Ke5 Kg7 49. Kd6 a5 50. Kc7 Bg4 0-1

[Event "High Wycombe e2e4 Major"]
[Site "Uplands Park"]
[Date "2011.10.08"]
[Round "2"]
[White "Mavinkurve, Anuj"]
[Black "Sandercock, E Barry"]
[Result "1/2-1/2"]
[WhiteElo "1705"]
[BlackElo "1826"]
[PlyCount "49"]
[EventDate "2011.10.07"]
[EventType "swiss"]
[EventRounds "5"]
[EventCountry "ENG"]
[SourceTitle "EXT 2023"]
[Source "ChessBase"]
[SourceDate "2022.10.05"]
[SourceVersion "1"]
[SourceVersionDate "2022.10.05"]
[SourceQuality "1"]

1. e4 a6 2. d4 b5 3. Nf3 Bb7 4. Bd3 e6 5. Bf4 c5 6. c3 Nf6 7. Nbd2 Nc6 8. Bg5 h6 9. Bxf6 Qxf6 10. e5 Qd8 11. Ne4 c4 12. Bc2 d5 13. Ng3 Qa5 14. 0-0 Be7 15. Nd2 0-0-0 16. a4 b4 17. Ne2 b3 18. Bb1 Rdg8 19. Ng3 Kb8 20. Qf3 Qb6 21. Kh1 a5 22. Ne2 Bc8 23. g4 h5 24. g5 Bd7 25. h4 1/2-1/2

[Event "Sunningdale e2e4 Major"]
[Site "Sunningdale"]
[Date "2011.09.17"]
[Round "3"]
[White "Mavinkurve, Anuj"]
[Black "Thompson, Robert"]
[Result "0-1"]
[WhiteElo "1705"]
[BlackElo "1954"]
[PlyCount "56"]
[EventDate "2011.09.16"]
[EventType "swiss"]
[EventRounds "5"]
[EventCountry "ENG"]
[SourceTitle "EXT 2023"]
[Source "ChessBase"]
[SourceDate "2022.10.05"]
[SourceVersion "1"]
[SourceVersionDate "2022.10.05"]
[SourceQuality "1"]

1. e4 c5 2. Nf3 g6 3. d4 cxd4 4. Qxd4 Nf6 5. Nc3 Nc6 6. Qa4 d6 7. e5 dxe5 8. Nxe5 Bd7 9. Nxd7 Qxd7 10. Bb5 Qe6+ 11. Ne2 Bg7 12. Bd2 0-0 13. Bc3 a6 14. Bd3 b5 15. Qb3 Nd5 16. Bd2 Nd4 17. Qa3 b4 18. Qa5 Nxe2 19. Bxe2 Bxb2 20. Rd1 Bc3 21. Kf1 Qf5 22. Qa4 Bxd2 23. Rxd2 Nc3 24. Qxb4 Ne4 25. Bf3 Nxd2+ 26. Qxd2 Rfd8 27. Qe2 Rab8 28. g3 Qh3+ 0-1

[Event "GBR-ch Major 98th"]
[Site "Sheffield"]
[Date "2011.07.26"]
[Round "2"]
[White "Mavinkurve, Anuj"]
[Black "Sargent, John M"]
[Result "0-1"]
[WhiteElo "1552"]
[BlackElo "1796"]
[PlyCount "76"]
[EventDate "2011.07.25"]
[EventType "swiss"]
[EventRounds "11"]
[EventCountry "ENG"]
[SourceTitle "EXT 2012"]
[Source "ChessBase"]
[SourceDate "2011.11.24"]
[SourceVersion "1"]
[SourceVersionDate "2011.11.24"]
[SourceQuality "1"]

1. e4 c5 2. Nf3 Nc6 3. d4 cxd4 4. Nxd4 Nf6 5. Nc3 e5 6. Ndb5 d6 7. Bg5 a6 8. Na3 b5 9. Nd5 Be7 10. Bxf6 Bxf6 11. Qd2 Bg5 12. Qc3 Bb7 13. Bd3 Rc8 14. b3 Ne7 15. Qb2 Nxd5 16. exd5 Bxd5 17. 0-0 0-0 18. Rad1 Be6 19. c4 b4 20. Nc2 Qb6 21. Rfe1 f5 22. Be2 Bh4 23. g3 Bg5 24. Bf3 f4 25. g4 Bh4 26. Re2 Rfd8 27. Ne1 Bf6 28. Qb1 Rc7 29. Ng2 Rcd7 30. Nxf4 Bxc4 31. Bd5+ Bxd5 32. Nxd5 Qb5 33. Nxf6+ gxf6 34. Red2 Qc6 35. Qf5 d5 36. Rd3 Rg7 37. h3 Rg5 38. Rxd5 Rxd5 0-1